000 01183cam a2200241 4500
001 X122498
008 030602n2003 000 0 eng u
035 _a(Sirsi) u122498
245 _aMean Fiddler Holdings v Islington LBC
260 _c2003
490 _aEstates Gazette Law Reports
_v[2003] 19 EG 120-124(5)
490 _aProperty, Planning and Compensation Reports
_v[2003] P&CR 102-112(11)
520 _a[2003] EWCA Civ 160 24 January 2003. Claimant's (M) appeal from the order of the Lands Tribunal (LT) on 31 May 2002 on a preliminary issue arising out of a notice of reference to determine the amount of compensation to be paid to the claimant under the Land Compensation Act 1973. LT held that use of premises by M did not involve a sharing of occupation and so there had been no breach of covenant. The council appealed. "Held", the appeal was dismissed.
590 _aABS
650 _aMEAN FIDDLER HOLDINGS LTD V ISLINGTON LBC
650 _aNIGHTCLUBS
650 _aALIENATION CLAUSES
650 _aLEASES
650 _aCOMPULSORY PURCHASE ORDERS
650 _aBREACHES OF LEASE
690 _aLANDLORD AND TENANT-BUSINESS TENANCIES-CASE LAW
942 _n0
999 _c72802
_d72802